La Maison Rothschild / (Record no. 49365)

MARC details
000 -LEADER
campo de control de longitud fija 00681nam a2200193 i 4500
001 - NÚMERO DE CONTROL
campo de control 49365
003 - IDENTIFICADOR DE NÚMERO DE CONTROL
campo de control ES-MaACL
005 - FECHA Y HORA DE LA ÚLTIMA TRANSACCIÓN
campo de control 20230906161934.0
007 - CAMPO FIJO DE DESCRIPCIÓN FÍSICA--INFORMACIÓN GENERAL
campo de control de longitud fija t|
008 - DATOS DE LONGITUD FIJA--INFORMACIÓN GENERAL
campo de control de longitud fija 030715m19291930fr ||||1| fre d
100 1# - ENTRADA PRINCIPAL--NOMBRE DE PERSONA
Nombre de persona Corti, Egon Caesar
Títulos y otros términos asociados al nombre conte.
9 (RLIN) 40928
245 13 - MENCIÓN DEL TÍTULO
Título La Maison Rothschild /
Mención de responsabilidad, etc. Comte Egon Cesar Corti ; traduction française de Pierre Raffegeau.
260 ## - PUBLICACIÓN, DISTRIBUCIÓN, ETC.
Lugar de publicación, distribución, etc. Paris :
Nombre del editor, distribuidor, etc. Mayenne,
Fecha de publicación, distribución, etc. 1929-1930 (
Fabricante Imp. Floch)
300 ## - DESCRIPCIÓN FÍSICA
Extensión 2 v. ;
Dimensiones 23 cm.
505 8# - NOTA DE CONTENIDO CON FORMATO
Nota de contenido con formato Contiene: V. I: L'essor (1770-1830) ; V. II: L'apogée 1830-1871, et les Temps nouveaux
600 34 - PUNTO DE ACCESO ADICIONAL DE MATERIA--NOMBRE DE PERSONA
Nombre de persona Rothschild (Familia)
9 (RLIN) 154459
700 1# - ENTRADA AGREGADA--NOMBRE PERSONAL
Nombre de persona Raffegeau, Pierre.
9 (RLIN) 94967
852 ## - LOCALIZACIÓN
Ubicación ES-MaACL
Número de control de estantería E-486-87
Sublocalización o colección R.18700
Holdings
Estatus retirado Estado de pérdida Estado de daño No para préstamo Biblioteca de origen Biblioteca actual Ubicación en estantería Fecha de adquisición Fuente de adquisición Total de préstamos Signatura topográfica completa Código de barras Visto por última vez Precio de reemplazo Tipo de ítem Koha
        Biblioteca del Ateneo de Madrid Biblioteca del Ateneo de Madrid Depósito 2 17/01/2008     E-486-87 1051943 23/02/2023 23/02/2023 Libro impreso